Photovoltaics : (Record no. 599951)

000 -LEADER
fixed length control field 00280nam a2200109Ia 4500
008 - FIXED-LENGTH DATA ELEMENTS--GENERAL INFORMATION
fixed length control field 230907s9999||||xx |||||||||||||| ||und||
082 ## - DEWEY DECIMAL CLASSIFICATION NUMBER
Classification number 621.381542
Author Mark MER
245 #0 - TITLE STATEMENT
Title Photovoltaics :
260 ## - PUBLICATION, DISTRIBUTION, ETC.
Place of publication, distribution, etc. John Wiley & Sons,
Name of publisher, distributor, etc. New Jersey :
Date of publication, distribution, etc. 2019
300 ## - PHYSICAL DESCRIPTION
Extent xx, 347 p.
942 ## - ADDED ENTRY ELEMENTS (KOHA)
Koha item type Book
Source of classification or shelving scheme
Holdings
Withdrawn status Lost status Source of classification or shelving scheme Damaged status Not for loan Permanent Location Current Location Date acquired Total Checkouts Full call number Barcode Checked out Date last seen Date last checked out Price effective from Koha item type
          US-Pakistan Center for Advanced Studies in Energy (USPCAS-E) US-Pakistan Center for Advanced Studies in Energy (USPCAS-E) 09/23/2019 3 621.381542 MER CAS-E0004050 11/12/2025 10/13/2025 10/13/2025 09/12/2023 Book
© 2023 Central Library, National University of Sciences and Technology. All Rights Reserved.